|
|
|
|
| LEADER |
00000nab a2200000 a 4500 |
| 001 |
vtls000602546 |
| 003 |
SK-MaSNL |
| 005 |
20260318124152.0 |
| 008 |
160401c1995 xo 0 ger |
| 015 |
|
|
|a SNBRA19rr/mm-uuuuu
|
| 035 |
|
|
|a CL0602685
|
| 040 |
|
|
|a SNKBUCL
|b slo
|c SNKBUCL
|e AACR2
|
| 041 |
0 |
|
|a ger
|
| 044 |
|
|
|a xo
|c SK
|
| 080 |
|
|
|a 535.23/.24:681.785
|2 1981
|
| 080 |
|
|
|a 681.785
|2 1981
|
| 100 |
1 |
|
|a Ziegler, Rolf
|4 aut
|9 734062
|
| 245 |
1 |
0 |
|a Universalmessgerät zur Messung von Licht- und Strahlungsfeldgrössen
|c Rolf Ziegler
|
| 650 |
0 |
7 |
|a svetlo
|2 snkbucl
|9 20759
|
| 650 |
0 |
7 |
|a žiarenie
|2 snkbucl
|9 20016
|
| 655 |
|
7 |
|a články zo zborníkov
|2 snkbucl
|9 166140
|
| 773 |
0 |
|
|z 8023303333
|t Svetlo '95
|d Bratislava : Dom techniky ZS VTS, 1995
|g S. 78
|
| 850 |
|
|
|a Slovenská národná knižnica v Martine
|a MTA001
|
| 852 |
|
|
|a SNK
|b KIS3GCP
|
| 958 |
|
|
|a DE
|
| 958 |
|
|
|a RK
|
| 958 |
|
|
|a RZB
|
| 999 |
|
|
|c 2531939
|d 2533869
|